| 000 -LEADER |
| fixed length control field |
01956nam a22003497a 4500 |
| 005 - DATE AND TIME OF LATEST TRANSACTION |
| control field |
20260416164217.0 |
| 008 - FIXED-LENGTH DATA ELEMENTS--GENERAL INFORMATION |
| fixed length control field |
260416b xxu||||| |||| 00| 0 eng d |
| 040 ## - CATALOGING SOURCE |
| Transcribing agency |
Cagayan State University |
| 082 ## - DEWEY DECIMAL CLASSIFICATION NUMBER |
| Classification number |
791.43 |
| Item number |
G525 |
| 245 ## - TITLE STATEMENT |
| Title |
Girl, interrupted / |
| Statement of responsibility, etc |
Columbia Pictures presents a Red Wagon Productions ; directed by James Mangold ; producers, Cathy Konrad, Douglass Wick ; co-producer, Georgia Kacandes ; screenplay, James Mangold, Anna Hamilton Phelan, Lisa Loomer. |
| 260 ## - PUBLICATION, DISTRIBUTION, ETC. (IMPRINT) |
| Place of publication, distribution, etc |
United States: |
| Name of publisher, distributor, etc |
Colombia Pictures, |
| Date of publication, distribution, etc |
1999. |
| 300 ## - PHYSICAL DESCRIPTION |
| Extent |
1 videofile, (ca. 127 min.) : |
| Other physical details |
sound, color. |
| 500 ## - GENERAL NOTE |
| General note |
Copyright: Global Entertainment Productions, GmbH & Company Movie KG. DCR 1999; PUB 21Dec99; REG 4Feb00; PA977-527. |
| 500 ## - GENERAL NOTE |
| General note |
Summary taken partly from Baseline, 9-18-2000. |
| 500 ## - GENERAL NOTE |
| General note |
Sources used: Baseline, 10-26-2000; Internet movie database, 2-27-2001; copyright data sheet; copyright data base. |
| 520 ## - SUMMARY, ETC. |
| Summary, etc |
It's 1967 and 17-year-old Susanna Kaysen is like a lot of American teenagers her age--confused, insecure, struggling to make sense of the rapidly changing world around her. The psychiatrist she meets with (courtesy of her parents) gives this behavior a name, borderline personality disorder. She's whisk away to Claymore Hospital. A group of offbeat young women not only become her closet friends, but light Susanna's way back to something she had lost, herself. |
| 546 ## - LANGUAGE NOTE |
| Language note |
In English. |
| 650 ## - SUBJECT ADDED ENTRY--TOPICAL TERM |
| Topical term or geographic name as entry element |
Drama |
| 650 ## - SUBJECT ADDED ENTRY--TOPICAL TERM |
| Topical term or geographic name as entry element |
Adolescence |
| 650 ## - SUBJECT ADDED ENTRY--TOPICAL TERM |
| Topical term or geographic name as entry element |
Adolescent psychology |
| 655 ## - INDEX TERM--GENRE/FORM |
| Genre/form data or focus term |
Medical films (Motion pictures) |
| 700 ## - ADDED ENTRY--PERSONAL NAME |
| Personal name |
Mangold, James, director and writer. |
| 700 ## - ADDED ENTRY--PERSONAL NAME |
| Personal name |
Phelan, Anna Hamilton, writer. |
| 700 ## - ADDED ENTRY--PERSONAL NAME |
| Personal name |
Loomer, Lisa, writer. |
| 700 ## - ADDED ENTRY--PERSONAL NAME |
| Personal name |
Konrad, Cathy, producer. |
| 700 ## - ADDED ENTRY--PERSONAL NAME |
| Personal name |
Wick, Douglas, producer. |
| 700 ## - ADDED ENTRY--PERSONAL NAME |
| Personal name |
Bodie, Carol, producer. |
| 700 ## - ADDED ENTRY--PERSONAL NAME |
| Personal name |
Ryder, Winona, actor. |
| 700 ## - ADDED ENTRY--PERSONAL NAME |
| Personal name |
Jolie, Angelina, actor. |
| 700 ## - ADDED ENTRY--PERSONAL NAME |
| Personal name |
Du Vall, Clea, actor. |
| 942 ## - ADDED ENTRY ELEMENTS (KOHA) |
| Source of classification or shelving scheme |
|
| Item type |
Audio-Visual Materials |